Bodmin College Quiz - Statistics

General Stats
  • This quiz has been taken 20 times
    6 since last reset
  • The average score is 9 of 20
Answer Stats
Question Answer % Correct
To which academy does Bodmin College belong? CELT
100%
Which of these animals has Bodmin College NEVER had living on site? Cows and Cats
67%
Which of these musicals has Bodmin College NOT performed? Hairspray
67%
Which building, completed in the 1990s, is home to the Maths and English departments? Harleigh
67%
Which of these GCSEs has Bodmin College never offered? Latin
67%
Who of the following has NOT been principal of Bodmin College? Martin Dixon
67%
When was Bodmin College first founded? 1870
33%
Where did the Bodmin College bike lockers used to be? At the back of school, behind Harleigh
33%
Which school house is represented by the colour blue? Beacon
33%
Three truths and a lie! Find the false one... Bodmin College has a well-resourced Wellbeing Centre, staffed with counsellors.
33%
Which chocolate brand is infamously associated with a certain beloved supply teacher after an embarrassing moment on national TV? Cadbury
33%
Which local business is immediately opposite Bodmin College? College Lane Fish Bar
33%
What is the name of Bodmin College's special education unit? Greenfield
33%
Where does the largest bus come from each morning? Lanivet
33%
Which of these performing arts events is NOT real? Orchestra Night
33%
Which TV show did a contestant/s from Bodmin College win? Robot Wars
33%
Which of these disciplinary measures is the newest? The Reset Room
33%
Which fundraising event occurred each year, usually in the last week before the Christmas holidays? The Santa Fun Run
33%
Which of these letters was not used by any room in the school prior to the new lettering? Y Rooms
33%
All of these items were allowed in 2022, but which one is still allowed now? Two stud earrings on each ear
0%
No matching quizzes found
Score Distribution
Percent of People with Each Score
Percentile by Number Answered
Your Score History
You have not taken this quiz since the last reset